000 00291nam a22001337a 4500
008 170804b xxu||||| |||| 00| 0 eng d
020 _a9780072255140
041 _aeng
080 _a004
100 _a33
101 _aSHKI
245 _aPERSONAL COMPUTING
_cLONG, L
942 _2udc
_cBK
999 _c22661
_d22661